[Event "Druga liga Srbije grupa Vojvodina 2013"]
[Site "Stari Banovci"]
[Date "2013.11.09"]
[Round "8.6"]
[White "Sekulic, Dusan"]
[Black "Ratkovic, Milovan"]
[Result "1-0"]
[WhiteElo "2298"]
[BlackElo "2267"]
[PlyCount "71"]
[EventDate "2013.11.04"]

1. d4 d5 2. Nf3 Nc6 3. c4 Bg4 4. cxd5 Bxf3 5. dxc6 Bxc6 6. Nc3 e6 7. e4 Bb4 8.
f3 f5 9. exf5 exf5 10. Bc4 Qh4+ 11. g3 Qe7+ 12. Kf2 O-O-O 13. Re1 Qf6 14. Qb3
f4 15. Bxf4 Qxd4+ 16. Kg2 Bc5 17. Ne4 Bxe4 18. Rxe4 Qf6 19. Be6+ Kb8 20. Rc1
Bb6 21. Qc2 Ka8 22. b4 Ne7 23. a4 Ng6 24. Bxc7 Bxc7 25. Qxc7 Rhf8 26. Qc3 Qg5
27. h4 Qd2+ 28. Qxd2 Rxd2+ 29. Kh3 a6 30. h5 Ne7 31. Rc7 Nc6 32. b5 axb5 33.
axb5 Nd4 34. Bd5 Nxb5 35. Ra4+ Na7 36. Rxb7 1-0

[Event "Druga liga Srbije grupa Vojvodina 2013"]
[Site "Stari Banovci"]
[Date "2013.11.09"]
[Round "8.6"]
[White "Munizaba, Slobodan"]
[Black "Azaric, Slavko"]
[Result "1/2-1/2"]
[WhiteElo "2335"]
[BlackElo "2294"]
[PlyCount "96"]
[EventDate "2013.11.04"]

1. d4 d6 2. Nf3 Nf6 3. g3 g6 4. Bg2 Bg7 5. O-O O-O 6. c4 c6 7. Nc3 Qb6 8. Qc2
Re8 9. b3 Bf5 10. e4 Nxe4 11. Na4 Ng5 12. Nxb6 Nxf3+ 13. Bxf3 Bxc2 14. Nxa8
Bxd4 15. Bg5 Bxa1 16. Rxa1 Na6 17. b4 Rxa8 18. b5 Nc5 19. Bxe7 Be4 20. Be2 Bd3
21. Bxd3 Nxd3 22. bxc6 bxc6 23. Bxd6 Nb2 24. Rc1 Rd8 25. c5 Rd7 26. Rc3 f6 27.
Rf3 Nc4 28. Rxf6 Kg7 29. Rf3 Nxd6 30. Rd3 Kf6 31. f4 Ke6 32. Rxd6+ Rxd6 33.
cxd6 Kxd6 34. Kf2 Kd5 35. Ke3 c5 36. Kd3 c4+ 37. Kc3 h6 38. a4 h5 39. a5 Kc5
40. h3 Kd5 41. a6 Kc5 42. g4 h4 43. f5 gxf5 44. gxf5 Kd5 45. f6 Ke6 46. Kxc4
Kxf6 47. Kd5 Kf5 48. Kc6 Ke6 1/2-1/2

[Event "Druga liga Srbije grupa Vojvodina 2013"]
[Site "Stari Banovci"]
[Date "2013.11.09"]
[Round "8.6"]
[White "Vencl, Radivoje"]
[Black "Ratkovic, Miloje"]
[Result "0-1"]
[WhiteElo "2284"]
[BlackElo "2273"]
[PlyCount "92"]
[EventDate "2013.11.04"]

1. d4 d5 2. Nf3 Nf6 3. Bg5 c5 4. e3 Qb6 5. Nc3 e6 6. Bxf6 gxf6 7. Bb5+ Bd7 8.
Bxd7+ Nxd7 9. Rb1 O-O-O 10. O-O Rg8 11. Qe2 f5 12. Rfd1 Kb8 13. b3 cxd4 14.
exd4 Rc8 15. Na4 Qc6 16. c3 Rg4 17. h3 Rg6 18. Rdc1 Ba3 19. Rc2 Rcg8 20. Ne1
Nf6 21. Nb2 Bxb2 22. Rbxb2 Ne4 23. f3 Ng5 24. Qe5+ Ka8 25. Kf1 f6 26. Qe3 Qd6
27. c4 f4 28. Qc3 Rc8 29. Qd2 dxc4 30. Rxc4 Rd8 31. Rbc2 Rgg8 32. Nd3 e5 33.
dxe5 fxe5 34. Qe2 e4 35. Ne1 e3 36. R4c3 Ne6 37. Qc4 a6 38. b4 Nd4 39. Rd3 Qe5
40. Rc1 Nf5 41. Qc7 Ng3+ 42. Kg1 Qf6 43. Rcd1 Rde8 44. Qd6 Qb2 45. b5 Qf2+ 46.
Kh2 Ne2 0-1

[Event "Druga liga Srbije grupa Vojvodina 2013"]
[Site "Stari Banovci"]
[Date "2013.11.09"]
[Round "8.6"]
[White "Desnica, Vladan"]
[Black "Vucinic, Gojko"]
[Result "0-1"]
[WhiteElo "2274"]
[BlackElo "2294"]
[PlyCount "62"]
[EventDate "2013.11.04"]

1. g3 g6 2. Bg2 Bg7 3. c4 c5 4. Nc3 Nc6 5. d3 e5 6. Nf3 Nge7 7. O-O d6 8. a3
O-O 9. Ne1 Be6 10. Nd5 Rb8 11. Nc2 b5 12. Rb1 a5 13. Bg5 f6 14. Bd2 f5 15. b3
h6 16. f4 a4 17. b4 bxc4 18. dxc4 e4 19. Nce3 Nd4 20. Kh1 Nb3 21. Bc3 Bd4 22.
Qc2 Bxd5 23. Nxd5 Nxd5 24. cxd5 Qf6 25. Bxd4 Qxd4 26. bxc5 Nxc5 27. Rfd1 Qe3
28. Qa2 Rb3 29. Qc2 Rfb8 30. Bf1 Kf7 31. Kg2 h5 0-1

[Event "Druga liga Srbije grupa Vojvodina 2013"]
[Site "Stari Banovci"]
[Date "2013.11.09"]
[Round "8.6"]
[White "Stojanovic, Vlastimir"]
[Black "Orlov, Konstantin"]
[Result "0-1"]
[WhiteElo "2205"]
[BlackElo "2236"]
[PlyCount "110"]
[EventDate "2013.11.04"]

1. e4 c5 2. Nf3 d6 3. Bb5+ Bd7 4. Bxd7+ Qxd7 5. c4 Nc6 6. d4 cxd4 7. Nxd4 g6 8.
Nc3 Bg7 9. Be3 Nf6 10. h3 O-O 11. O-O Nh5 12. Rc1 Nxd4 13. Bxd4 Nf4 14. Bxg7
Kxg7 15. Qd2 e5 16. Rfd1 Rad8 17. Ne2 Ne6 18. c5 Qc6 19. cxd6 Qxe4 20. b3 Rd7
21. Rc4 Qf5 22. Ng3 Qg5 23. Qa5 Nf4 24. a4 Qf6 25. Ne4 Qf5 26. Re1 Re8 27. Rc7
Red8 28. Rxb7 Rxb7 29. Qxd8 Rb4 30. Ng3 Qf6 31. Qa5 Nd3 32. Ne4 Qh4 33. Re3
Rxe4 34. Rxd3 Re2 35. Rf3 Qd4 36. Qc3 Rd2 37. Qxd4 Rxd4 38. Rc3 Rxd6 39. Rc5
Kf6 40. Ra5 a6 41. Kf1 Ke6 42. Ke2 f5 43. g3 g5 44. Ke3 h5 45. Rc5 h4 46. gxh4
gxh4 47. Rc8 Kf6 48. Rg8 Rc6 49. Kd3 e4+ 50. Kd2 Rd6+ 51. Ke2 Rd3 52. Ra8 Rd6
53. Rg8 Ke5 54. f3 exf3+ 55. Kxf3 Rd3+ 0-1

[Event "Druga liga Srbije grupa Vojvodina 2013"]
[Site "Stari Banovci"]
[Date "2013.11.10"]
[Round "10.1"]
[White "Sertic, Rudolf"]
[Black "Cabarkapa, Novak"]
[Result "0-1"]
[WhiteElo "2358"]
[BlackElo "2402"]
[PlyCount "60"]
[EventDate "2013.11.04"]

1. d4 Nf6 2. Nf3 g6 3. Bg5 Bg7 4. Nbd2 O-O 5. c3 d6 6. e3 c5 7. Be2 cxd4 8.
exd4 Nc6 9. O-O Qc7 10. Re1 e5 11. dxe5 dxe5 12. Bb5 Re8 13. Bxc6 bxc6 14. Qa4
Rb8 15. Qh4 Nd5 16. c4 Ne7 17. g4 f5 18. h3 c5 19. Rad1 Nc6 20. gxf5 Bxf5 21.
b3 Nd4 22. Nxd4 cxd4 23. Ne4 Qc6 24. f3 a5 25. Kg2 a4 26. Nf6+ Bxf6 27. Bxf6
axb3 28. axb3 Rxb3 29. Qf2 Rf8 30. Rh1 Rxf3 0-1

[Event "Druga liga Srbije grupa Vojvodina 2013"]
[Site "Stari Banovci"]
[Date "2013.11.10"]
[Round "10.1"]
[White "Varga, Zoltan"]
[Black "Vujadinovic, Goran"]
[Result "1-0"]
[WhiteElo "2441"]
[BlackElo "2364"]
[PlyCount "134"]
[EventDate "2013.11.04"]

1. e4 Nc6 2. Nf3 d6 3. Bb5 g6 4. c4 Bg7 5. d4 Bd7 6. Nc3 e5 7. Bg5 f6 8. Be3
Nh6 9. c5 Ng4 10. cxd6 Nxe3 11. fxe3 O-O 12. dxe5 fxe5 13. O-O Bg4 14. Qb3+ Kh8
15. dxc7 Qxc7 16. Ng5 h6 17. Ne6 Bxe6 18. Qxe6 Qb6 19. Qxg6 Qxe3+ 20. Kh1 Nd4
21. Bc4 b5 22. Bf7 Qg5 23. Qxg5 hxg5 24. Nd5 Rfc8 25. Rf2 Rc6 26. Raf1 a5 27.
g3 b4 28. Kg2 Ra7 29. Kh3 Kh7 30. Kg4 Kh6 31. Rh1 Bh8 32. h4 gxh4 33. Rxh4+ Kg7
34. Be8 Rh6 35. Rfh2 Rxh4+ 36. gxh4 Kh6 37. h5 Ra8 38. Bg6 Rf8 39. Rg2 Rf1 40.
Ne3 Rf4+ 41. Kh3 Rf3+ 42. Rg3 Rxg3+ 43. Kxg3 Kg5 44. Nc4 a4 45. Be8 Bf6 46. h6
Kxh6 47. Kg4 a3 48. bxa3 bxa3 49. Nxa3 Kg7 50. Nc4 Kf8 51. Bg6 Ke7 52. Bf5 Nc6
53. Bc8 Nd4 54. a4 Kd8 55. Bb7 Kc7 56. Bd5 Kb8 57. Kh5 Ka7 58. Kg6 Bh4 59. Nxe5
Bg3 60. Nc4 Nb3 61. Kf5 Nc5 62. Bc6 Kb8 63. e5 Kc7 64. Be8 Bxe5 65. Kxe5 Nxa4
66. Bxa4 Kb7 67. Kd6 Ka6 1-0

[Event "Druga liga Srbije grupa Vojvodina 2013"]
[Site "Stari Banovci"]
[Date "2013.11.10"]
[Round "10.1"]
[White "Kolognat, Petar"]
[Black "Jesenski, Tibor"]
[Result "1/2-1/2"]
[WhiteElo "2293"]
[BlackElo "2328"]
[PlyCount "22"]
[EventDate "2013.11.04"]

1. e4 e5 2. Nf3 Nc6 3. Nc3 Nf6 4. d4 exd4 5. Nxd4 Bb4 6. Nxc6 bxc6 7. Bd3 d5 8.
exd5 cxd5 9. O-O O-O 10. Bg5 c6 11. Qf3 Be7 1/2-1/2

[Event "Druga liga Srbije grupa Vojvodina 2013"]
[Site "Stari Banovci"]
[Date "2013.11.10"]
[Round "10.1"]
[White "Arbutina, Sinisa"]
[Black "Mastrapovic, Vladimir"]
[Result "1/2-1/2"]
[WhiteElo "2280"]
[BlackElo "2280"]
[PlyCount "82"]
[EventDate "2013.11.04"]

1. d4 Nf6 2. c4 g6 3. Nc3 d5 4. Nf3 Bg7 5. Bg5 Ne4 6. cxd5 Nxg5 7. Nxg5 e6 8.
Nf3 exd5 9. e3 O-O 10. Bd3 c5 11. O-O cxd4 12. Nxd4 Nc6 13. Nxc6 bxc6 14. Na4
Qh4 15. Rc1 Rb8 16. b3 Rb4 17. g3 Qf6 18. Re1 h5 19. Qd2 a5 20. Rc5 Qd8 21.
Rxc6 Bd7 22. Rd6 Qc7 23. Rxd5 Bxa4 24. bxa4 Bc3 25. Rc1 Qb7 26. Qxc3 Qxd5 27.
Bc4 Qf5 28. Bb3 h4 29. Qc5 Qe4 30. Qc6 Re8 31. Qf6 Rxb3 32. axb3 h3 33. Qc6 Qe5
34. Qd7 Re6 35. Qc8+ Kh7 36. Qc4 Qb2 37. Rd1 Rf6 38. Rf1 Kg7 39. Qd4 Qxb3 40.
Qg4 Qc2 41. Qxh3 Qxa4 1/2-1/2

[Event "Druga liga Srbije grupa Vojvodina 2013"]
[Site "Stari Banovci"]
[Date "2013.11.10"]
[Round "10.1"]
[White "Bogic, Stevan"]
[Black "Marjanusic, Vladimir"]
[Result "1/2-1/2"]
[WhiteElo "2195"]
[BlackElo "2272"]
[PlyCount "28"]
[EventDate "2013.11.04"]

1. d4 d5 2. c4 c6 3. Nf3 Nf6 4. Nc3 e6 5. cxd5 exd5 6. Bg5 Be7 7. Qc2 g6 8. e3
Bf5 9. Bd3 Bxd3 10. Qxd3 O-O 11. O-O Nbd7 12. Nd2 Re8 13. Rfe1 Ne4 14. Bxe7
Qxe7 1/2-1/2

[Event "Druga liga Srbije grupa Vojvodina 2013"]
[Site "Stari Banovci"]
[Date "2013.11.10"]
[Round "10.1"]
[White "Vidic, Stevan"]
[Black "Marcak, Dejan"]
[Result "1/2-1/2"]
[WhiteElo "2278"]
[BlackElo "2141"]
[PlyCount "55"]
[EventDate "2013.11.04"]

1. Nf3 c5 2. c4 Nc6 3. Nc3 g6 4. g3 Bg7 5. Bg2 Nf6 6. O-O O-O 7. d4 cxd4 8.
Nxd4 Nxd4 9. Qxd4 d6 10. Qd1 Be6 11. Nd5 Bxd5 12. cxd5 Nd7 13. Be3 b6 14. Qd2
Rc8 15. Rac1 Rxc1 16. Rxc1 Qb8 17. Qc2 Bf6 18. b3 a5 19. a3 b5 20. Bh3 Nc5 21.
Bxc5 dxc5 22. Qxc5 a4 23. Rb1 b4 24. Bd7 bxa3 25. Qxa3 axb3 26. Qxb3 Qe5 27.
Bg4 h5 28. Bf3 1/2-1/2

[Event "Druga liga Srbije grupa Vojvodina 2013"]
[Site "Stari Banovci"]
[Date "2013.11.10"]
[Round "10.2"]
[White "Savanovic, Vuk"]
[Black "Indjic, Dusan"]
[Result "0-1"]
[WhiteElo "2297"]
[BlackElo "2291"]
[PlyCount "79"]
[EventDate "2013.11.04"]

1. e4 c5 2. Nf3 Nc6 3. d4 cxd4 4. Nxd4 Nf6 5. Nc3 d6 6. f3 e5 7. Nb3 Be6 8. Be3
Be7 9. Nd5 Bxd5 10. exd5 Nb4 11. c4 a5 12. a3 Na6 13. Be2 O-O 14. O-O Nd7 15.
f4 a4 16. Nd2 exf4 17. Bxf4 Nac5 18. Kh1 Re8 19. Nf3 Qb6 20. Nd4 Bf6 21. Nb5
Bxb2 22. Rb1 Be5 23. Be3 Qd8 24. Rf3 g6 25. Qc2 Nb3 26. Rbf1 f5 27. Rh3 Nf6 28.
Bh6 Ng4 29. Qd1 Nxh6 30. Rxh6 Qg5 31. Rh3 Re7 32. Bd3 Rb8 33. Bc2 Nd2 34. Re1
Nxc4 35. Bxa4 Ne3 36. Qf3 Ng4 37. Nc7 Bd4 38. Rf1 Re1 39. Ne8 Rxf1+ 40. Qxf1
0-1

[Event "Druga liga Srbije grupa Vojvodina 2013"]
[Site "Stari Banovci"]
[Date "2013.11.10"]
[Round "10.2"]
[White "Petakov, Uros"]
[Black "Grujic, Zoran"]
[Result "1/2-1/2"]
[WhiteElo "2348"]
[BlackElo "2322"]
[PlyCount "77"]
[EventDate "2013.11.04"]

1. d4 Nf6 2. Nf3 g6 3. g3 Bg7 4. Bg2 O-O 5. O-O d6 6. Re1 Nbd7 7. e4 e5 8. dxe5
dxe5 9. Nbd2 b6 10. b3 Nc5 11. Bb2 Nfd7 12. a4 a5 13. Nc4 Qe7 14. Ne3 c6 15.
Nc4 Rd8 16. Qd6 Qxd6 17. Nxd6 Ba6 18. Rad1 f6 19. Bh3 Bf8 20. Ba3 Rab8 21. b4
axb4 22. Bxb4 Be7 23. Bxd7 Rxd7 24. Nf5 gxf5 25. Rxd7 Nxd7 26. Bxe7 fxe4 27.
Rxe4 c5 28. Nh4 Kf7 29. Bd6 Rc8 30. Nf5 Ke6 31. g4 Bb7 32. Re3 Ra8 33. c3 Rxa4
34. Bc7 Ba6 35. Re1 Ra2 36. Rd1 Bb5 37. c4 Ba4 38. Rd6+ Kf7 39. Bxb6 1/2-1/2

[Event "Druga liga Srbije grupa Vojvodina 2013"]
[Site "Stari Banovci"]
[Date "2013.11.10"]
[Round "10.2"]
[White "Cabarkapa, Velibor"]
[Black "Stanojevic, Branko"]
[Result "1/2-1/2"]
[WhiteElo "2289"]
[BlackElo "2291"]
[PlyCount "58"]
[EventDate "2013.11.04"]

1. e4 e6 2. d4 d5 3. Nd2 c5 4. exd5 Qxd5 5. dxc5 Bxc5 6. Ngf3 Nc6 7. Bc4 Qd8 8.
Qe2 Nf6 9. O-O a6 10. Nb3 Bd6 11. a4 Qc7 12. c3 b6 13. Rd1 O-O 14. Bg5 Ne5 15.
Rxd6 Nxf3+ 16. Qxf3 Bb7 17. Qd3 Be4 18. Qd1 Qxc4 19. Bxf6 Bd5 20. Nd2 Qf4 21.
Be7 Rfe8 22. Rd7 Rxe7 23. Rxe7 Qg5 24. f3 Qxe7 25. Qe2 Qc5+ 26. Qf2 Rc8 27.
Qxc5 Rxc5 28. Kf2 f5 29. Ke3 Kf7 1/2-1/2

[Event "Druga liga Srbije grupa Vojvodina 2013"]
[Site "Stari Banovci"]
[Date "2013.11.10"]
[Round "10.2"]
[White "Kovacevic, Dragan"]
[Black "Krejic, Igor"]
[Result "1-0"]
[WhiteElo "2236"]
[BlackElo "2216"]
[PlyCount "46"]
[EventDate "2013.11.04"]

1. e4 d6 2. d4 Nf6 3. f3 e5 4. Ne2 c6 5. Be3 Be6 6. Nbc3 Nbd7 7. d5 cxd5 8.
exd5 Bf5 9. g4 Bg6 10. h4 h5 11. g5 Ng8 12. Ng3 f5 13. Qd3 Ne7 14. Bh3 f4 15.
Nge4 Nf5 16. Bf2 Qa5 17. O-O Rc8 18. Bxf5 Bxf5 19. Nxd6+ Bxd6 20. Qxf5 Rxc3 21.
Qg6+ Kd8 22. b3 Bc5 23. Qxg7 Rf8 1-0

[Event "Druga liga Srbije grupa Vojvodina 2013"]
[Site "Stari Banovci"]
[Date "2013.11.10"]
[Round "10.2"]
[White "Dimitrijevic, Nenad"]
[Black "Kovacevic, Djordje"]
[Result "1/2-1/2"]
[WhiteElo "2197"]
[BlackElo "2104"]
[PlyCount "67"]
[EventDate "2013.11.04"]

1. e4 c6 2. d4 g6 3. f4 d5 4. e5 Bf5 5. Nf3 e6 6. Be2 h5 7. O-O Nh6 8. b3 c5 9.
Kh1 Nc6 10. Be3 Qb6 11. c3 cxd4 12. Nxd4 Bc5 13. Bg1 Bxd4 14. Bxd4 Nxd4 15.
cxd4 Bxb1 16. Rxb1 Nf5 17. Rf3 Qxd4 18. Bb5+ Kf8 19. Qc1 h4 20. h3 Kg7 21. Rc3
Ng3+ 22. Kh2 Ne4 23. Rc7 Rhb8 24. Bd7 Kg8 25. Rb2 b6 26. Rbc2 a6 27. Qe1 Ng3
28. Qf2 Qxf2 29. Rxf2 Ne4 30. Rfc2 Nc5 31. b4 Nxd7 32. Rxd7 Rc8 33. Rdc7 Rxc7
34. Rxc7 1/2-1/2

[Event "Druga liga Srbije grupa Vojvodina 2013"]
[Site "Stari Banovci"]
[Date "2013.11.10"]
[Round "10.2"]
[White "Skoko, Milan"]
[Black "Banovic, Ivan"]
[Result "1/2-1/2"]
[WhiteElo "2239"]
[BlackElo "2170"]
[PlyCount "72"]
[EventDate "2013.11.04"]

1. e4 g6 2. d4 Bg7 3. Nc3 c6 4. f4 d5 5. e5 h5 6. Nf3 Bg4 7. Be2 Nh6 8. Be3 Nf5
9. Bf2 e6 10. Nd2 Bxe2 11. Qxe2 Nd7 12. g3 Qb6 13. Nb3 a5 14. a4 Qb4 15. O-O
Bf8 16. Qd3 Nb6 17. Nd2 Nc4 18. Nxc4 Qxc4 19. Rfd1 Qxd3 20. Rxd3 Kd7 21. Ne2
Be7 22. Rc1 g5 23. Kh1 g4 24. Kg2 Rhc8 25. b3 b5 26. Rdd1 b4 27. c4 bxc3 28.
Rxc3 Rab8 29. Nc1 Rb6 30. Nd3 Rcb8 31. Rb1 Kc7 32. Kf1 Bb4 33. Rc2 Kd7 34. Kg2
Ba3 35. Rc3 Bb4 36. Rc2 Ba3 1/2-1/2

[Event "Druga liga Srbije grupa Vojvodina 2013"]
[Site "Stari Banovci"]
[Date "2013.11.10"]
[Round "10.3"]
[White "Runic, Zoran"]
[Black "Sipos, Istvan"]
[Result "0-1"]
[WhiteElo "2424"]
[BlackElo "2474"]
[PlyCount "56"]
[EventDate "2013.11.04"]

1. e4 e6 2. d4 d5 3. e5 c5 4. c3 Nc6 5. Nf3 Bd7 6. a3 f6 7. Bd3 Qc7 8. O-O fxe5
9. dxe5 c4 10. Bc2 O-O-O 11. Bf4 Nh6 12. Nbd2 Be7 13. Bg3 Nf7 14. Re1 g5 15. b3
h5 16. h4 cxb3 17. Bxb3 Rdg8 18. hxg5 Nxg5 19. Nxg5 Rxg5 20. Nf3 Rg4 21. Nh2
Rxg3 22. fxg3 Nxe5 23. Kh1 Bc5 24. Rxe5 Qxe5 25. Ba4 b5 26. Bb3 h4 27. g4 h3
28. g3 Rf8 0-1

[Event "Druga liga Srbije grupa Vojvodina 2013"]
[Site "Stari Banovci"]
[Date "2013.11.10"]
[Round "10.3"]
[White "Bulajic, Ratko"]
[Black "Radusinovic, Lazar"]
[Result "1/2-1/2"]
[WhiteElo "2284"]
[BlackElo "2281"]
[PlyCount "24"]
[EventDate "2013.11.04"]

1. d4 d5 2. c4 c6 3. Nf3 Nf6 4. e3 e6 5. Nc3 Nbd7 6. Bd3 Be7 7. O-O O-O 8. b3
b6 9. Qe2 Bb7 10. Rd1 Qb8 11. Bb2 Re8 12. Rac1 a6 1/2-1/2

[Event "Druga liga Srbije grupa Vojvodina 2013"]
[Site "Stari Banovci"]
[Date "2013.11.10"]
[Round "10.3"]
[White "Elez, Nikola"]
[Black "Tokovic, Svetozar"]
[Result "0-1"]
[WhiteElo "2217"]
[BlackElo "2237"]
[PlyCount "107"]
[EventDate "2013.11.04"]

1. e4 e5 2. Nf3 Nc6 3. Bc4 Nf6 4. Nc3 Nxe4 5. Nxe4 d5 6. Bd3 dxe4 7. Bxe4 Bd6
8. O-O Bg4 9. Re1 O-O 10. h3 Bh5 11. d3 Re8 12. c3 Bg6 13. Bxg6 hxg6 14. Qb3
Rb8 15. Ng5 Rf8 16. Qc4 Be7 17. Nf3 Bf6 18. Be3 Qd7 19. Rad1 Rfe8 20. Bg5 a6
21. Qh4 Qf5 22. Re4 Rbd8 23. Rg4 Rd6 24. Re1 Rxd3 25. Bxf6 Qxf6 26. Ng5 Red8
27. Qh7+ Kf8 28. Ne4 Qf5 29. Qh8+ Ke7 30. Qxg7 Rd1 31. Rxd1 Rxd1+ 32. Kh2 Nd8
33. Qh8 Ne6 34. Qc8 b6 35. Qxa6 Re1 36. Qc4 Qh5 37. Ng3 Qh6 38. b4 f5 39. Rh4
Qd2 40. Rh7+ Kf6 41. a4 Rc1 42. Qh4+ Qg5 43. Qc4 Qf4 44. Qe2 Ra1 45. Qc2 Rc1
46. Qb2 Rd1 47. a5 Rd2 48. Qc1 bxa5 49. bxa5 Qxf2 50. Qg1 Qxg1+ 51. Kxg1 Ra2
52. h4 Nf4 53. Kf1 Rxg2 54. Rxc7 0-1

[Event "Druga liga Srbije grupa Vojvodina 2013"]
[Site "Stari Banovci"]
[Date "2013.11.10"]
[Round "10.3"]
[White "Strangar, Zlatko"]
[Black "Indjic, Stefan"]
[Result "1-0"]
[WhiteElo "2245"]
[BlackElo "2097"]
[PlyCount "55"]
[EventDate "2013.11.04"]

1. e4 c5 2. Nc3 Nc6 3. Bb5 g6 4. d3 Bg7 5. Be3 d6 6. Qd2 Bd7 7. Nge2 Nd4 8. Bc4
e6 9. Bg5 Qa5 10. O-O Nxe2+ 11. Qxe2 Bxc3 12. bxc3 b5 13. Bb3 Qxc3 14. f4 h6
15. Bh4 Rc8 16. Rad1 a5 17. f5 g5 18. fxe6 fxe6 19. Qh5+ Kd8 20. Be1 Qd4+ 21.
Kh1 Kc7 22. Bxa5+ Kc6 23. c3 Qg7 24. e5 Be8 25. Qf3+ d5 26. c4 Qxe5 27. Rde1
Qf5 28. Rxe6+ 1-0

[Event "Druga liga Srbije grupa Vojvodina 2013"]
[Site "Stari Banovci"]
[Date "2013.11.10"]
[Round "10.3"]
[White "Cecaric, Milan"]
[Black "Ivanovic, Miroslav"]
[Result "0-1"]
[WhiteElo "1979"]
[BlackElo "2069"]
[PlyCount "90"]
[EventDate "2013.11.04"]

1. e4 c5 2. Nc3 d6 3. Nf3 Nf6 4. b3 a6 5. a4 e6 6. Bb2 Be7 7. e5 dxe5 8. Nxe5
Qc7 9. Nc4 Bd7 10. Bd3 Nc6 11. Ne4 Nb4 12. Qe2 Nxe4 13. Bxe4 Bf6 14. Bxf6 gxf6
15. Qf3 f5 16. Bxb7 Nxc2+ 17. Kd1 Nxa1 18. Qc3 O-O 19. Bxa8 Nxb3 20. Ne5 Rc8
21. Qg3+ Kf8 22. Qf4 Nd4 23. Qh6+ Ke8 24. Qg7 Bxa4+ 25. Ke1 Rxa8 26. f4 Qe7 27.
Kf2 Nc6 28. Nf3 f6 29. Qg8+ Qf8 30. Qxe6+ Ne7 31. Re1 Bd7 32. Qc4 Rc8 33. Qxa6
Kf7 34. Qd6 Qd8 35. Qa6 Rc6 36. Qc4+ Be6 37. Qe2 Ng6 38. Ra1 Bd5 39. Nh4 Be4
40. Ra7+ Rc7 41. Qc4+ Kg7 42. Rxc7+ Qxc7 43. Nxg6 hxg6 44. g3 Qd6 45. Ke1 Bd3
0-1

[Event "Druga liga Srbije grupa Vojvodina 2013"]
[Site "Stari Banovci"]
[Date "2013.11.10"]
[Round "10.3"]
[White "Roganovic, Nebojsa"]
[Black "Gavric, Zivojin"]
[Result "1/2-1/2"]
[WhiteElo "2222"]
[BlackElo "2124"]
[PlyCount "153"]
[EventDate "2013.11.04"]

1. e4 c6 2. d4 d5 3. Nc3 dxe4 4. Nxe4 Nf6 5. Nxf6+ exf6 6. Bc4 Bd6 7. Qe2+ Qe7
8. Qxe7+ Kxe7 9. Ne2 Be6 10. Bd3 Nd7 11. Bf4 Nb6 12. a3 Rhd8 13. Bg3 Bc4 14.
O-O-O Kf8 15. Bxc4 Nxc4 16. Nc3 f5 17. Bxd6+ Nxd6 18. d5 c5 19. Rhe1 b5 20. b3
Rab8 21. f3 a5 22. Kd2 b4 23. axb4 axb4 24. Na4 c4 25. Ke3 Rb5 26. Rd4 c3 27.
Kf4 f6 28. h4 g6 29. g4 fxg4 30. fxg4 Kf7 31. Kg3 h5 32. Red1 Re8 33. Kf3 hxg4+
34. Rxg4 f5 35. Rf4 Kf6 36. Rdd4 Ne4 37. Rdxe4 Rxe4 38. Rxe4 fxe4+ 39. Kxe4 Ke7
40. Ke5 Kd7 41. Kd4 Kd6 42. Kc4 Rb8 43. Kd4 Rh8 44. Nc5 Rxh4+ 45. Ne4+ Rxe4+
46. Kxe4 g5 47. Kd4 g4 48. Ke4 Kc5 49. Ke5 g3 50. d6 g2 51. d7 g1=Q 52. d8=Q
Qe3+ 53. Kf5 Qf3+ 54. Kg5 Qg2+ 55. Kf6 Qf2+ 56. Ke6 Qe2+ 57. Kf6 Qxc2 58. Qe7+
Kd4 59. Qxb4+ Kd3 60. Qd6+ Ke3 61. Qc5+ Kd2 62. Qg5+ Kd3 63. Qb5+ Kd4 64. Qc4+
Ke3 65. Qc5+ Kf3 66. Qh5+ Kg2 67. Qg4+ Kf2 68. Qd4+ Ke1 69. Qg1+ Kd2 70. Qg5+
Kd3 71. Qf5+ Kd2 72. Qf4+ Ke1 73. Qe3+ Kf1 74. Qh3+ Ke1 75. Qe3+ Kd1 76. Qg1+
Kd2 77. Qg5+ 1/2-1/2

[Event "Druga liga Srbije grupa Vojvodina 2013"]
[Site "Stari Banovci"]
[Date "2013.11.10"]
[Round "10.5"]
[White "Stojanovic, Dalibor"]
[Black "Levnajic, Pavle"]
[Result "1-0"]
[WhiteElo "2508"]
[BlackElo "2251"]
[PlyCount "133"]
[EventDate "2013.11.04"]

1. e4 e6 2. d4 d5 3. Nc3 Bb4 4. e5 c5 5. Bd2 Nc6 6. Nb5 Bxd2+ 7. Qxd2 Nxd4 8.
Nxd4 cxd4 9. Nf3 Ne7 10. Qxd4 Bd7 11. Qg4 Qa5+ 12. c3 O-O 13. Bd3 h6 14. Qh4
Rae8 15. a3 Bb5 16. Bc2 Qc7 17. O-O-O Be2 18. Rde1 Bxf3 19. gxf3 f5 20. Rhg1
Kh8 21. Rg3 Qc4 22. f4 Kh7 23. Reg1 Rg8 24. Kb1 Nc6 25. b3 Qc5 26. Qh5 Qf8 27.
Rg6 Kh8 28. R1g3 Nd8 29. Kb2 Re7 30. Qd1 Rc7 31. Qd3 a6 32. Qd4 Qc5 33. Qd2 b5
34. b4 Qe7 35. Qe3 Rc6 36. Qf3 Rc7 37. Rh3 Nf7 38. Qg2 Kh7 39. Rh5 Kh8 40. Rh3
Kh7 41. Bd1 Rcc8 42. Rhg3 Nh8 43. R6g5 g6 44. Rh3 Nf7 45. Rgg3 Rg7 46. Qf3 Qa7
47. Qe2 Rcg8 48. Qd2 Qe7 49. Rg1 g5 50. Rhg3 gxf4 51. Qxf4 Rxg3 52. hxg3 Qc7
53. Re1 Rc8 54. Qe3 Kg7 55. f4 Qc4 56. Bb3 Qc6 57. Rg1 Kf8 58. g4 fxg4 59. Rxg4
Ke7 60. Rg6 Qc7 61. Qh3 Qb6 62. Bxd5 Qf2+ 63. Kb3 Nd8 64. Rxe6+ Nxe6 65. Qxe6+
Kd8 66. Qd6+ Ke8 67. Bc6+ 1-0

[Event "Druga liga Srbije grupa Vojvodina 2013"]
[Site "Stari Banovci"]
[Date "2013.11.10"]
[Round "10.5"]
[White "Jacimovic, Zoran"]
[Black "Ratkovic, Miloje"]
[Result "0-1"]
[WhiteElo "2169"]
[BlackElo "2273"]
[PlyCount "76"]
[EventDate "2013.11.04"]

1. e4 c6 2. d4 d5 3. e5 Bf5 4. Nf3 e6 5. Be2 Nd7 6. O-O h6 7. Nbd2 Ne7 8. b3
Bh7 9. c4 Nf5 10. a4 Bb4 11. Ba3 Bxa3 12. Rxa3 O-O 13. b4 dxc4 14. Nxc4 Nb6 15.
Nxb6 Qxb6 16. Qd2 a6 17. a5 Qd8 18. Bd3 Ne7 19. Bxh7+ Kxh7 20. Nh4 Nd5 21. Rh3
Qe7 22. f4 f5 23. exf6 Rxf6 24. Qd3+ Kg8 25. Ng6 Qxb4 26. Rb1 Qxa5 27. Rh5 Qc7
28. g3 Qf7 29. Rxd5 cxd5 30. Ne5 Qc7 31. Kg2 Rc8 32. Kh3 b5 33. Qa3 Qc2 34. Rb3
Qf5+ 35. g4 Qxf4 36. Rf3 Qxd4 37. Qxa6 Rc3 38. Qa8+ Kh7 0-1

[Event "Druga liga Srbije grupa Vojvodina 2013"]
[Site "Stari Banovci"]
[Date "2013.11.10"]
[Round "10.5"]
[White "Desnica, Vladan"]
[Black "Zarin, David"]
[Result "1-0"]
[WhiteElo "2274"]
[BlackElo "1916"]
[PlyCount "55"]
[EventDate "2013.11.04"]

1. d4 Nf6 2. c4 c5 3. d5 b5 4. cxb5 a6 5. bxa6 Bxa6 6. Nc3 g6 7. e4 Bxf1 8.
Kxf1 d6 9. Nf3 Bg7 10. h3 O-O 11. Kg1 Nbd7 12. Kh2 Qa5 13. Re1 Rfb8 14. Re2 Ne8
15. Rc2 Rb7 16. Bg5 Rxb2 17. Rxb2 Bxc3 18. Bd2 Bxb2 19. Bxa5 Bxa1 20. Qxa1 Rxa5
21. e5 c4 22. e6 Ndf6 23. exf7+ Kxf7 24. Ng5+ Kg8 25. Qe1 Rxd5 26. Qe6+ Kg7 27.
Qxe7+ Kh6 28. Nf7+ 1-0

[Event "Druga liga Srbije grupa Vojvodina 2013"]
[Site "Stari Banovci"]
[Date "2013.11.10"]
[Round "10.5"]
[White "Adamov, Ivan"]
[Black "Orlov, Konstantin"]
[Result "1/2-1/2"]
[WhiteElo "1901"]
[BlackElo "2236"]
[PlyCount "59"]
[EventDate "2013.11.04"]

1. e4 c5 2. Nf3 e6 3. d4 cxd4 4. Nxd4 Nf6 5. Nc3 d6 6. Bg5 Be7 7. f4 Nc6 8. Nb3
O-O 9. Qf3 Qc7 10. Nb5 Qb8 11. O-O-O Rd8 12. Kb1 a6 13. N5d4 Qc7 14. g4 b5 15.
Nxc6 Qxc6 16. Nd4 Qb6 17. Bd3 Bb7 18. Ne2 Rac8 19. Qh3 e5 20. Bxf6 Bxf6 21. g5
Be7 22. Rhg1 exf4 23. Nxf4 g6 24. Qf3 Bf8 25. h4 Bg7 26. c3 b4 27. c4 Qd4 28.
Qe2 Re8 29. Nd5 a5 30. h5 1/2-1/2

[Event "Druga liga Srbije grupa Vojvodina 2013"]
[Site "Stari Banovci"]
[Date "2013.11.10"]
[Round "10.6"]
[White "Jovanovic, Miroslav T"]
[Black "Pezelj, Novak"]
[Result "0-1"]
[WhiteElo "2044"]
[BlackElo "2352"]
[PlyCount "23"]
[EventDate "2013.11.04"]

1. e4 c5 2. Nf3 e6 3. d4 cxd4 4. Nxd4 a6 5. Nc3 b5 6. a3 Bb7 7. Bd3 Qc7 8. Be3
Nf6 9. O-O d6 10. f3 Nbd7 11. Qe1 Ne5 12. Be2 {mobtel} 0-1